000 00608nam a2200205 a 4500
001 BRCA_2298
005 20190320203740.0
008 150508s2006----mx-a---###---#000-0#spa-#
020 _a9789707821682
050 4 _aPA2087
_b.M38 2006
100 1 _aMateos Muñoz, Agustín
_96881
245 1 0 _aGramática latina
_cAgustín Mateos Muñoz.
250 _a37
260 _aMéxico
_bEsfinge
_c2006
300 _a341 p.
_bil.
_c23 cm.
500 _aIncluye vocabulario Latino-Español ; vocabulario Español-Latino e índice de materias
650 1 4 _aLatín
_xGramática
_96882
902 _aREF
942 _2lcc
_cB
999 _c2043
_d2043